00722nam a22002057a 450000500170000001000150001702000260003203500140005803700090007208200110008110000340009224500690012625000060019526000300020127000700023130000200030194200220032199900190034395201540036220260115152451.0 aENG-147427 a9789367000441c150.00 aEN-130959 bDBAD a88121 aGovindaswamy Rajagopal986435 aBehavioural Psychology in Sangam Poetry/cGovindaswamy Rajagopal a1 aDelhibPharos Booksc2025 aPlot No.-55, Main Mother Dairy Road, Pandav Nagar,bDelhie110092 a115p.c21cm(pb) 2ddccENh881mGOY c214174d214174 001040708NFICaBL1bBL1d2026-01-15eDelivery of Books Act Divisiong150.00l0o881 GOYpEN-130959r2026-01-15 00:00:00t1v150.00w2026-01-15yEN